|
|
|
|
| LEADER |
00000cas a2200000 c 4500 |
| 001 |
268128197 |
| 003 |
DE-627 |
| 005 |
20251107170453.0 |
| 007 |
cr ||||||||||| |
| 008 |
990430c19979999xxkz| p|o 0 |0eng c |
| 016 |
7 |
|
|a 019648154
|2 DE-101
|
| 016 |
7 |
|
|a 1471708-6
|2 DE-600
|
| 022 |
|
|
|a 1090-9451
|l 1090-9443
|
| 035 |
|
|
|a (DE-627)268128197
|
| 035 |
|
|
|a (DE-576)104194049
|
| 035 |
|
|
|a (DE-599)ZDB1471708-6
|
| 035 |
|
|
|a (OCoLC)985607008
|
| 040 |
|
|
|a DE-627
|b ger
|c DE-627
|e rakwb
|
| 041 |
|
|
|a eng
|
| 044 |
|
|
|c XA-GB
|
| 082 |
0 |
4 |
|a 330
|a 300
|q DE-600
|
| 084 |
|
|
|a 83.00
|2 bkl
|
| 245 |
0 |
0 |
|a Research in economics
|b = Ricerche economiche
|
| 246 |
1 |
|
|i Nebent.
|a RE
|
| 246 |
3 |
1 |
|a Ricerche economiche
|
| 264 |
3 |
1 |
|a London
|b Academic Press
|c 1997-
|
| 300 |
|
|
|a Online-Ressource
|
| 336 |
|
|
|a Text
|b txt
|2 rdacontent
|
| 337 |
|
|
|a Computermedien
|b c
|2 rdamedia
|
| 338 |
|
|
|a Online-Ressource
|b cr
|2 rdacarrier
|
| 362 |
0 |
|
|a 51.1997 -
|
| 363 |
0 |
1 |
|a 51
|i 1997
|
| 500 |
|
|
|a Gesehen am 11.04.2023
|
| 591 |
|
|
|a 355!URL-Änderung(11-04-23)
|
| 650 |
|
7 |
|8 1.1\x
|a Wirtschaftswissenschaft
|0 (DE-627)091401372
|0 (DE-2867)10032-2
|2 stw
|
| 650 |
|
7 |
|8 1.2\x
|a Wirtschaftstheorie
|0 (DE-627)091401321
|0 (DE-2867)10062-0
|2 stw
|
| 650 |
|
7 |
|8 1.3\x
|a Welt
|0 (DE-627)09140004X
|0 (DE-2867)16809-5
|2 stw
|
| 655 |
|
7 |
|a Zeitschrift
|0 (DE-588)4067488-5
|0 (DE-627)10454466X
|0 (DE-576)20917000X
|2 gnd-content
|
| 689 |
0 |
0 |
|d s
|0 (DE-588)4066528-8
|0 (DE-627)106113224
|0 (DE-576)209164964
|a Wirtschaftswissenschaften
|2 gnd
|
| 689 |
0 |
1 |
|d s
|0 (DE-588)4511937-5
|0 (DE-627)248012134
|0 (DE-576)213199033
|a Online-Ressource
|2 gnd
|
| 689 |
0 |
|
|5 DE-101
|
| 776 |
1 |
|
|x 1090-9443
|
| 856 |
4 |
0 |
|u https://www.sciencedirect.com/journal/research-in-economics
|x Verlag
|7 1
|
| 856 |
4 |
0 |
|u https://ezb.ur.de/?1471708-6
|x Frontdoor-Url
|7 1
|
| 912 |
|
|
|a ZDB-1-SDJ
|
| 912 |
|
|
|a ZDB-296-DEAL1
|
| 912 |
|
|
|a ZDB-296-DEAL2
|
| 912 |
|
|
|a ZDB-296-DEAL4
|
| 936 |
b |
k |
|a 83.00
|j Volkswirtschaft: Allgemeines
|q SEPA
|0 (DE-627)106416332
|
| 936 |
s |
n |
|a ECS-01001
|2 SKW
|
| 938 |
1 |
0 |
|0 (DE-627)1756151040
|0 (DE-615)6603147
|a Wirtschaftswissenschaften
|2 fivt
|
| 951 |
|
|
|a JT
|
| ELC |
|
|
|a 1
|
| LOK |
|
|
|0 000 xxxxxcy a22 3n 4500
|
| LOK |
|
|
|0 001 2805938143
|
| LOK |
|
|
|0 003 DE-627
|
| LOK |
|
|
|0 004 268128197
|
| LOK |
|
|
|0 005 20251211091738
|
| LOK |
|
|
|0 007 ccruuuuuuuuuuuu
|
| LOK |
|
|
|0 008 140705||||||||||||||||ger|||||||
|
| LOK |
|
|
|0 035
|a (DE-600)29401375X
|
| LOK |
|
|
|0 040
|a DE-21
|c DE-627
|d DE-21
|
| LOK |
|
|
|0 092
|o k
|p n
|p p
|
| LOK |
|
|
|0 093
|e Volltext online u. Druckausg.
|f Nationallizenz
|g Kostenpflichtig
|
| LOK |
|
|
|0 852
|a DE-21
|
| LOK |
|
|
|0 852 1
|9 00
|
| LOK |
|
|
|0 85640
|u https://ezb.ur.de/detail.phtml?bibid=UBTUE&jour_id=1300
|x EZB
|
| LOK |
|
|
|0 85900
|8 1.1
|a 51
|i 1997
|
| LOK |
|
|
|0 85910
|8 1.2
|a 56
|i 2002
|
| LOK |
|
|
|0 866
|x Nationallizenz
|
| LOK |
|
|
|0 86630
|a 51.1997 - 56.2002
|
| LOK |
|
|
|0 912
|a natli_elsevier
|
| LOK |
|
|
|0 935
|a cofz
|a zezb
|
| LOK |
|
|
|0 938
|l Volltext online u. Druckausg.
|8 0
|
| LOK |
|
|
|0 938
|l Nationallizenz
|8 1
|
| LOK |
|
|
|0 938
|l Kostenpflichtig
|8 2
|
| LOK |
|
|
|0 939
|a 30-10-18
|b zez
|
| LOK |
|
|
|0 000 xxxxxcy a22 3n 4500
|
| LOK |
|
|
|0 001 3007656966
|
| LOK |
|
|
|0 003 DE-627
|
| LOK |
|
|
|0 004 268128197
|
| LOK |
|
|
|0 005 20250214022537
|
| LOK |
|
|
|0 007 ccruuuuuuuuuuuu
|
| LOK |
|
|
|0 008 180501||||||||||||||||ger|||||||
|
| LOK |
|
|
|0 035
|a (DE-600)445405406
|
| LOK |
|
|
|0 040
|a DE-21
|c DE-627
|d DE-21
|
| LOK |
|
|
|0 092
|o k
|p n
|
| LOK |
|
|
|0 093
|e Volltext online u. Druckausg.
|f Konsortiallizenz
|g Kostenpflichtig
|
| LOK |
|
|
|0 852
|z Bestellungen nur von nicht-kommerziellen Bibliotheken
|
| LOK |
|
|
|0 852
|a DE-21
|
| LOK |
|
|
|0 852 1
|9 00
|
| LOK |
|
|
|0 85640
|u https://ezb.ur.de/detail.phtml?bibid=UBTUE&jour_id=1300
|x EZB
|
| LOK |
|
|
|0 85900
|8 1.1
|a 69
|i 2015
|
| LOK |
|
|
|0 85910
|8 1.2
|a 71
|i 2017
|
| LOK |
|
|
|0 866
|x Elsevier Archivkollektion Landeslizenz BaWü
|
| LOK |
|
|
|0 86630
|a 69.2015,1 - 71.2017,4
|
| LOK |
|
|
|0 912
|a elsevierarchiv_lbw
|
| LOK |
|
|
|0 935
|a cofz
|a zezb
|
| LOK |
|
|
|0 938
|l Volltext online u. Druckausg.
|8 0
|
| LOK |
|
|
|0 938
|l Konsortiallizenz
|8 1
|
| LOK |
|
|
|0 938
|l Kostenpflichtig
|8 2
|
| LOK |
|
|
|0 939
|a 30-10-18
|b zez
|
| LOK |
|
|
|0 000 xxxxxcy a22 3n 4500
|
| LOK |
|
|
|0 001 4524335161
|
| LOK |
|
|
|0 003 DE-627
|
| LOK |
|
|
|0 004 268128197
|
| LOK |
|
|
|0 005 20241227094342
|
| LOK |
|
|
|0 007 ccruuuuuuuuuuuu
|
| LOK |
|
|
|0 008 240516||||||||||||||||ger|||||||
|
| LOK |
|
|
|0 035
|a (DE-600)1085696073
|
| LOK |
|
|
|0 040
|a DE-21
|c DE-627
|d DE-21
|
| LOK |
|
|
|0 092
|o e
|p n
|
| LOK |
|
|
|0 093
|e Volltext online u. Druckausg.
|f Konsortiallizenz
|g Kostenpflichtig
|
| LOK |
|
|
|0 852
|a DE-21
|
| LOK |
|
|
|0 852 1
|9 00
|
| LOK |
|
|
|0 85640
|u https://ezb.ur.de/detail.phtml?bibid=UBTUE&jour_id=1300
|x EZB
|
| LOK |
|
|
|0 85901
|8 1.1
|a 77
|i 2023
|
| LOK |
|
|
|0 866
|x Elsevier DEAL Core Hybrid
|
| LOK |
|
|
|0 86630
|a 77.2023 -
|
| LOK |
|
|
|0 912
|a deal_elsevier_core
|
| LOK |
|
|
|0 935
|a cofz
|a zezb
|
| LOK |
|
|
|0 938
|l Volltext online u. Druckausg.
|8 0
|
| LOK |
|
|
|0 938
|l Konsortiallizenz
|8 1
|
| LOK |
|
|
|0 938
|l Kostenpflichtig
|8 2
|
| LOK |
|
|
|0 939
|a 26-03-24
|b zez
|
| LOK |
|
|
|0 000 xxxxxcy a22 3n 4500
|
| LOK |
|
|
|0 001 4558661606
|
| LOK |
|
|
|0 003 DE-627
|
| LOK |
|
|
|0 004 268128197
|
| LOK |
|
|
|0 005 20241227084018
|
| LOK |
|
|
|0 007 ccruuuuuuuuuuuu
|
| LOK |
|
|
|0 008 240727||||||||||||||||ger|||||||
|
| LOK |
|
|
|0 035
|a (DE-600)1114785520
|
| LOK |
|
|
|0 040
|a DE-21
|c DE-627
|d DE-21
|
| LOK |
|
|
|0 092
|o e
|p n
|
| LOK |
|
|
|0 093
|e Volltext online u. Druckausg.
|f Konsortiallizenz
|g Kostenpflichtig
|
| LOK |
|
|
|0 852
|a DE-21
|
| LOK |
|
|
|0 852 1
|9 00
|
| LOK |
|
|
|0 85640
|u https://ezb.ur.de/detail.phtml?bibid=UBTUE&jour_id=1300
|x EZB
|
| LOK |
|
|
|0 85900
|8 1.1
|a 51
|i 1997
|
| LOK |
|
|
|0 85910
|8 1.2
|a 76
|i 2022
|
| LOK |
|
|
|0 866
|x Elsevier DEAL Freedom Collection
|
| LOK |
|
|
|0 86630
|a 51.1997 - 76.2022,4
|
| LOK |
|
|
|0 912
|a deal_elsevier_frc
|
| LOK |
|
|
|0 935
|a cofz
|a zezb
|
| LOK |
|
|
|0 938
|l Volltext online u. Druckausg.
|8 0
|
| LOK |
|
|
|0 938
|l Konsortiallizenz
|8 1
|
| LOK |
|
|
|0 938
|l Kostenpflichtig
|8 2
|
| LOK |
|
|
|0 939
|a 06-03-24
|b zez
|
| ORI |
|
|
|a SA-MARC-krimdokb001.raw
|
| SPR |
|
|
|a 1
|t KRI
|